000 01087nam a2200301 a 4500
001 000112849
003 CHAP
005 20220329144324.0
008 170118s2016 mx sm |||||||spa d
010 _a109310
011 _a110282
040 _cCHAP
090 _aTesis
100 1 _aGómez Avendaño, Josabet
_9126961
245 1 0 _aAnálisis de la red de valor de coco en México:
_h[En línea]
_bperspectiva para el desarrollo de proveedores /
_cpor Josabet Gómez Avendaño.
260 _aChapingo, Méx. :
_bEl autor,
_c2016.
500 _aPara ver el contenido del material haga clic en la liga
502 _aTesis (M.C. en Estrategia Agroempresarial) -- UACH. CIESTAAM
590 _aE5765TAJ
_b05
_c20170118
_lUCH01
_h0900
590 _aE5765TAJ
_b05
_c20170118
_lUCH01
_h0900
650 1 4 _aCoco
_xIndustria
_xGuerrero.
_924252
650 1 4 _aCoco
_xProducción
_xInnovaciones tecnológicas.
_9131345
650 1 4 _aCoco
_xRedes de valor.
_9131346
856 _aFinding aid
_uhttp://10.13.5.2/tesis/sist112849.pdf
_zTeclea aquí
901 _aBK
942 _cTESIS
942 _n0
999 _c109310
_d109310